<?xml version="1.0" encoding="UTF-8"?>
<record
    xmlns:xsi="http://www.w3.org/2001/XMLSchema-instance"
    xsi:schemaLocation="http://www.loc.gov/MARC21/slim http://www.loc.gov/standards/marcxml/schema/MARC21slim.xsd"
    xmlns="http://www.loc.gov/MARC21/slim">

  <leader>01657    a2200205   4500</leader>
  <controlfield tag="001">57754</controlfield>
  <controlfield tag="005">20260407155837.0</controlfield>
  <controlfield tag="008">260407a2007    arg                 spa d</controlfield>
  <controlfield tag="003">AR-UNSa-BCEJYS</controlfield>
  <datafield tag="040" ind1=" " ind2=" ">
    <subfield code="a">AR-UNSa-BCEJYS</subfield>
    <subfield code="b">spa</subfield>
    <subfield code="c">AR-UNSa-BCEJYS</subfield>
  </datafield>
  <datafield tag="080" ind1=" " ind2=" ">
    <subfield code="a">658.312.4</subfield>
    <subfield code="x">Educaci&#xF3;n y adiestramiento (capacitaci&#xF3;n, formaci&#xF3;n, carrera...)</subfield>
  </datafield>
  <datafield tag="245" ind1="1" ind2="0">
    <subfield code="a">Mecanismo de admisi&#xF3;n y rendimiento acad&#xE9;mico de los estudisntes universitarios</subfield>
  </datafield>
  <datafield tag="020" ind1=" " ind2=" ">
    <subfield code="a">978-950-34-0411-9</subfield>
  </datafield>
  <datafield tag="264" ind1=" " ind2="1">
    <subfield code="a">La Plata :</subfield>
    <subfield code="b">(EDULP) Editorial de la Universidad Nacional de la Plata</subfield>
    <subfield code="c">2007</subfield>
  </datafield>
  <datafield tag="300" ind1=" " ind2=" ">
    <subfield code="a">235 p.</subfield>
    <subfield code="c">21 cm.</subfield>
  </datafield>
  <datafield tag="505" ind1=" " ind2=" ">
    <subfield code="a">1. Introducci&#xF3;n &#x2013; 2. Rendimiento y &#xE9;xito acad&#xE9;mico de los estudiantes de la Facultad de Ciencias Econ&#xF3;micas de la Universidad Nacional de C&#xF3;rdoba. Un an&#xE1;lisis para dos cohortes de ingresantes &#x2013; 3. Influencia de caracter&#xED;sticas socioecon&#xF3;micas en el ingreso y en el rendimiento acad&#xE9;mico &#x2013; 4. Admisi&#xF3;n a la universidad y rendimiento de los estudiantes &#x2013; 5. Desempe&#xF1;o en el ciclo de formaci&#xF3;n inicial: an&#xE1;lisis de cohortes de la Facultad de Ciencias Econ&#xF3;micas de la UNLP &#x2013; 6. Mecanismos de ingreso a la facultad y rendimiento de los alumnos durante el primer a&#xF1;o &#x2013; 7. Factores asociados al desempe&#xF1;o acad&#xE9;mico universitario &#x2013; 8. El rendimiento universitario. Un estudio de posibles factores causales en una facultad de la Universidad Nacional de Rosario &#x2013; 9. Estudio del rendimiento estudiantil en la Facultad de Concias Econ&#xF3;micas UNT &#x2013; 10. Predicci&#xF3;n de performance acad&#xE9;mica: estudios de grado en una universidad privada </subfield>
  </datafield>
  <datafield tag="942" ind1=" " ind2=" ">
    <subfield code="c">BK</subfield>
  </datafield>
  <datafield tag="590" ind1=" " ind2=" ">
    <subfield code="a">niveau_biblio:m niveau_hierar:0</subfield>
  </datafield>
  <datafield tag="100" ind1="1" ind2=" ">
    <subfield code="a">Porto, Alberto</subfield>
  </datafield>
  <datafield tag="999" ind1=" " ind2=" ">
    <subfield code="c">6266</subfield>
    <subfield code="d">6266</subfield>
  </datafield>
  <datafield tag="952" ind1=" " ind2=" ">
    <subfield code="0">0</subfield>
    <subfield code="1">0</subfield>
    <subfield code="4">0</subfield>
    <subfield code="7">0</subfield>
    <subfield code="a">BCEJYS</subfield>
    <subfield code="b">BCEJYS</subfield>
    <subfield code="c">16</subfield>
    <subfield code="d">2026-04-07</subfield>
    <subfield code="l">0</subfield>
    <subfield code="o">658.312.4 P839</subfield>
    <subfield code="p">L128847</subfield>
    <subfield code="r">2026-04-07 15:58:37</subfield>
    <subfield code="w">2026-04-07</subfield>
    <subfield code="y">L</subfield>
  </datafield>
</record>
